000 00582nam a2200205Ia 4500
005 20250508161754.0
008 008 250505s9999 xx 000 0 eng d
037 _aTextual
040 _aFEDL
_beng
_cFEDL
041 _aeng
_2eng
084 _a144.3, JAM
_qFEDL
100 _aJames William
245 0 _aPragmatism and four essays from the meaning of truth
260 _aNew Delhi, India
_bEurasia Publishing House Pvt Ltd.
_c1975
300 _a269p.
365 _aINR
_b15
650 _aPhilosophy
942 _cTEXL
_h144.3, JAM
999 _c1372101
_d1372101